Výstavní činnost zahraničního obchodu v roce 1991.
Plán česko-slovenských oficiálnych účastí na medzinárodných veľtrhoch v roku 1991. Plán informačných kancelárií ČSOPK na medzinárodných veľtrhoch v roku 1991. Samostatné výstavy a komplexné výstavné a propagačné akcie v roku 1991.
Gespeichert in:
| Format: | Buchkapitel |
|---|---|
| Sprache: | Tschechisch |
| Schlagworte: | |
| Tags: |
Keine Tags, Fügen Sie das erste Tag hinzu!
|
MARC
| LEADER | 00000naa a2200000 4500 | ||
|---|---|---|---|
| 001 | r003250 | ||
| 005 | 20221125081252.2 | ||
| 041 | 0 | |a cze | |
| 044 | |a [CS] | ||
| 245 | 1 | 0 | |a Výstavní činnost zahraničního obchodu v roce 1991. |
| 520 | |a Plán česko-slovenských oficiálnych účastí na medzinárodných veľtrhoch v roku 1991. Plán informačných kancelárií ČSOPK na medzinárodných veľtrhoch v roku 1991. Samostatné výstavy a komplexné výstavné a propagačné akcie v roku 1991. | ||
| 610 | 2 | 0 | |a výstavy |
| 610 | 2 | 0 | |a obchod zahraničný |
| 610 | 2 | 0 | |a 1991 |
| 610 | 2 | 0 | |a ČSFR |
| 610 | 2 | 0 | |a veľtrhy |